Statistics for All Country Flags of the World by Capital

Click here to take the quiz!

General Stats

  • This quiz has been taken 2,101 times
    (2,025 since last reset)
  • The average score is 136 of 196

Answer Stats

Answer% Correct
Washington, D.C.
98%
London
97%
Paris
95%
Canberra
94%
Moscow
94%
Rome
94%
Dublin
93%
Ottawa
93%
Amsterdam
92%
Tokyo
92%
Seoul
91%
Wellington
91%
Athens
90%
Brasilia
90%
Oslo
90%
Beijing
89%
Helsinki
89%
Stockholm
89%
Copenhagen
88%
Berlin
87%
Bern
87%
Madrid
87%
Mexico City
87%
Reykjavik
87%
Vatican City
87%
Brussels
86%
Jerusalem
86%
New Delhi
86%
Ankara
85%
Budapest
85%
Pretoria, Bloemfontein, Cape Town
85%
Buenos Aires
84%
Cairo
84%
Warsaw
84%
Sofia
83%
Vienna
83%
Hanoi
82%
Beirut
81%
Monaco
81%
San Marino
81%
Tirana
81%
Dhaka
80%
Islamabad
80%
Kathmandu
80%
Kingston
80%
Nicosia
80%
Pyongyang
80%
Riyadh
80%
Singapore
80%
Tunis
80%
Algiers
79%
Jakarta
79%
Montevideo
79%
Prague
79%
Tbilisi
79%
Zagreb
79%
Kuala Lumpur
78%
Lisbon
78%
Nairobi
78%
Panama City
78%
Tehran
78%
Valletta
78%
Baghdad
77%
Havana
77%
Luxembourg
77%
Santiago
77%
Lima
76%
Pristina
76%
Sarajevo
76%
Astana/NurSultan
75%
Bangkok
75%
Belgrade
75%
Bratislava
75%
Damascus
75%
Manila
75%
Skopje
75%
Tallinn
75%
Caracas
74%
Kiev
74%
Baku
73%
Bucharest
73%
Kabul
73%
Ljubljana
73%
Minsk
73%
Taipei
73%
Abu Dhabi
72%
Vaduz
72%
Bogóta
71%
Kuwait City
71%
Rabat
71%
Santo Domingo
71%
Andorra la Vella
70%
Phnom Penh
70%
Tripoli
70%
Port Moresby
69%
Riga
69%
Thimphu
69%
Kinshasa
68%
Tashkent
68%
Amman
67%
Doha
67%
Muscat
67%
Quito
67%
Ulaanbaatar
67%
Addis Ababa
66%
Antananarivo
66%
Chișinău
66%
Sana'a
66%
Asunción
65%
Luanda
65%
Malé
65%
Mogadishu
65%
Monrovia
65%
Nassau
65%
Port-au-Prince
65%
San Salvador
65%
Vilnius
65%
Yamoussoukro
65%
Ashgabat
64%
Bandar Seri Begawan
64%
Bridgetown
64%
Podgorica
64%
San José
64%
Vientiane
64%
Abuja
63%
Djibouti
63%
Port-of-Spain
63%
Tegucigalpa
63%
Victoria
63%
Yerevan
63%
Belmopan
62%
Guatemala City
62%
Manama
62%
Bishkek
61%
Dushanbe
61%
Georgetown
61%
Juba
61%
Khartoum
61%
Naypyidaw
61%
Niamey
61%
São Tomé
61%
Dili
60%
Dodoma
60%
Harare
60%
Managua
60%
Ouagadougou
60%
Sri Jayawardenepura Kotte
60%
Yaoundé
60%
Brazzaville
59%
Kampala
59%
Windhoek
59%
Accra
58%
Maputo
58%
Mbabane
58%
Nouakchott
58%
Asmara
57%
Dakar
57%
Lilongwe
57%
N'Djamena
57%
Freetown
56%
Gaborone
56%
Kigali
56%
Libreville
56%
Ngerulmud
56%
Paramaribo
56%
Praia
56%
Saint John's
56%
Sucre, La Paz
56%
Bissau
55%
Moroni
55%
Nuku'alofa
55%
Suva
55%
Apia
54%
Lomé
52%
Roseau
52%
South Tarawa
52%
Gitega
51%
Lusaka
51%
Porto-Novo, Cotonou
51%
Bamako
50%
Bangui
50%
Conakry
50%
Majuro
50%
Malabo
50%
Maseru
50%
Port Louis
50%
Port Vila
50%
Saint George's
50%
Yaren
50%
Basseterre
49%
Castries
49%
Banjul
48%
Funafuti
47%
Kingstown
46%
Palikir
46%
Honiara
44%

Score Distribution

Percentile by Number Answered

Percent of People with Each Score

Your Score History

You have not taken this quiz since the last reset